000 00424 a2200109 4500
001 ART_58845
005 20260410162010.0
008 260409a
245 1 0 _aVacunación voluntaria contra covid-19 en niñas, niños y adolescentes. Una cautelar innovativa aniquiladora de derechos fundamentales
100 1 _aWierzba, Sandra M.
773 0 _tTemas de derecho civil
_g- Año 9, N° 7 (jul. 2023)
_wREV34778
999 _c32093
_d32093